№ 8 (254); Каротажник

Detalles Bibliográficos
Parent link:Каротажник: научно-технический вестник/ Ассоциация научно-технического и делового сотрудничества по геофизическим исследованиям и работам в скважинах. № 8 (254).— , 2000-
Idioma:ruso
Publicado: 2015
Formato: Libro
KOHA link:https://koha.lib.tpu.ru/cgi-bin/koha/opac-detail.pl?biblionumber=549357

MARC

LEADER 00000nam2a2200000 4500
001 549357
005 20231101120532.0
035 |a (RuTPU)RU\TPU\prd\242606 
090 |a 549357 
100 |a 20151008a20009999m y0rusy50 ca 
101 0 |a rus 
102 |a RU 
200 0 |a № 8 (254) 
210 |d 2015 
461 1 |0 (RuTPU)RU\TPU\prd\35788  |t Каротажник  |o научно-технический вестник  |f Ассоциация научно-технического и делового сотрудничества по геофизическим исследованиям и работам в скважинах  |v № 8 (254)  |d 2000- 
801 0 |a RU  |b 63413507  |c 20010227  |g PSBO 
801 1 |a RU  |b 63413507  |c 20151008 
801 2 |a RU  |b 63413507  |c 20230517  |g RCR 
942 |c BK 
999 |a НТБ_ТПУ  |b НФ  |e -1/20150112  |p П-9377  |s 1/20150608  |u 0,00  |v 1